000 00402cam a2200157ua 4500
003 OSt
008 240213b |||||||| |||| 00| 0 eng d
041 _aeng
082 _a620.0045
_bKAL/RE
100 _aKales, Paul .
_95832
245 _aReliability for technology engineering and management /
250 _a1 /
260 _aOhio :
_bPrentice Hall Inc ,
_c1998.
300 _a392 ; .
942 _cBK
999 _c2994
_d2994